000 00218nam a2200109 4500
999 _c533556
_d533556
040 _cDLC
082 _a839.8236
100 _aKnut Hamsun
_927502
245 _aGrowth of the Soil
300 _a434p
942 _2ddc
_cBK